| 000 | 00000nam##2200000za#4500 |
| 001 | 9.626118 |
| 003 | CaOODSP |
| 005 | 20210615104342 |
| 007 | ta |
| 008 | 150406|2003||||xxc||||| f|0| 0 fre|d |
| 020 | |a0-662-88483-3 |
| 022 | |a0703-0967 |
| 040 | |aCaOODSP|bfre |
| 043 | |an-cn--- |
| 086 | 1 |aCW69-9/219F |
| 110 | 2 |aService canadien de la faune. |
| 245 | 13|aLa relevé des oiseaux nicheurs du Canada, de 1967 à 2000 |
| 260 | |aOttawa - Ontario : |bEnvironnement Canada. |c2003. |
| 300 | |a44p. : |bcarte, références, tableaux ; |c28 cm. |
| 490 | 1 |aCahiers de biologie |x0703-0967|vN° 219, mars 2003 |
| 563 | |aPolycopié |
| 590 | |a03-16|b2003-04-17 |
| 720 | 1 |aCollins, B. T. |
| 720 | 1 |aDownes, C. M. |
| 775 | 08|tThe Canadian breeding bird survey, 1967-2000 / |w(CaOODSP)9.616257 |
| 776 | 0#|tLe Relevé des oiseaux nicheurs du Canada, de 1967 à 2000 / |w(CaOODSP)9.605719 |
| 830 | #0|aCahiers de biologie (Service canadien de la faune)|x0703-0967|vN° 219, mars 2003|w(CaOODSP)9.512904 |